| 000 | 00689nam a2200205 i 4500 | ||
|---|---|---|---|
| 001 | 101613 | ||
| 003 | ES-MaACL | ||
| 005 | 20230906182937.0 | ||
| 007 | t| | ||
| 008 | 051021s1983 fr ||||1| fre d | ||
| 020 | _a2-7116-8246-3 | ||
| 100 | 1 |
_aMeinsma, Koenraad Oege. _979849 |
|
| 245 | 1 | 0 |
_aSpinoza et son cercle _b: étude critique historique sur les hétérodoxes hollandais / _cK. O. Meinsma; traduit par S. Roosemburg et J. P. Osier. |
| 260 |
_aParis : _bJ. Vrin, _c1983. |
||
| 300 |
_a5 h., 576 p., 3 h. ; _c25 cm. |
||
| 504 | _aBibliografía. Indices. | ||
| 700 | 1 |
_aOsier, Jean Pierre. _987751 |
|
| 700 | 1 |
_aRoosemburg, S. _999527 |
|
| 852 |
_aES-MaACL _jL-11855 _bR.113829 |
||
| 999 |
_c101613 _d101613 |
||